000 00863nam a22002777a 4500
003 CHAP
005 20220329134311.0
008 971013s1961 r 00010 d
010 _a18383
011 _a19355
035 _a23440
040 _cCHAP
090 _aFolleto 1099
110 _aCentre International d Information des Producteur de Phosphate Thomas
_921035
245 _aAlgunos resultados de ensayos con escorias Thomas
260 _a(Bruxelles :
_bThe centre),
_c(1961)
300 _a(s.p.)
590 _aBATCH-UPD
_b10
_c20130110
_lUCH01
_h0314
590 _aBATCH-UPD
_b10
_c20130409
_lUCH01
_h2347
590 _aBATCH-UPD
_b10
_c20130914
_lUCH01
_h1318
590 _aCONVERSION
_b10
_c20130109
_lUCH01
_h1311
650 1 4 _aEscorias fosfóricas.
_937566
901 _aBK
942 _cFOLL
949 _aFolleto 1099
_bBC
_cFOLL
_d-54543
_eTS1
_i23440
_si
999 _c18383
_d18383